000 00800cam a2200253 a 4500
001 3545787
005 20180209070611.0
008 971124s1998 nju b 001 0 eng
010 _a 97049866
020 _a081352539X (alk. paper)
020 _a0813525403 (pbk : alk. paper)
040 _aDLC
_cDLC
_dDLC
041 _aeng
043 _an-us---
080 _a306.485
082 0 0 _a306.485 RIG
_221
100 1 _a50
101 _aSOC
245 1 0 _aMature audiences :
_cKaren E. Riggs.
504 _aIncludes bibliographical references (p. 177-190) and index.
906 _a7
_bcbc
_corignew
_d1
_eocip
_f19
_gy-gencatlg
942 _2ddc
_cBK
999 _c42245
_d42245